000 00487cam a22002052a 4500
001 008559
003 AR-FADEU
008 311216n1991####xxu####################dd
020 _a84-87699-11-1
092 _aD341.49
_bL864d
100 _aLópez Garrido, Diego
245 _aEl derecho de asilo
260 _aMadrid
260 _bTrotta
260 _c1991
300 _a334 p
440 _aEstructuras y procesos. Derecho
650 _aDERECHO DE ASILO; ASILO
942 _cBDGR
999 _c14363
_d14363